000 00688nam a2200253Ia 4500
003 OSt
005 20221005124626.0
006 a|||||r|||| 00| 0
007 ta
008 221004b |||||||| |||| 00| 0 san d
024 _a46410
037 _cTextual
040 _aCRL
_cCRL
_bsan
041 _2san
_asan
082 _aO15,1KME,1, 32K0
100 _aMelpathoor Au.
_9635534
245 0 _aNarayaneeyam
260 _c1960
300 _a214p.
_ccm.
650 _aMALAYALAM LITERATURE
_938866
700 _a Bhattathiri C.V. Vasudeva Tr.
942 _hO15,1KME,1, 32K0
_cTEXL
_2cc
999 _c1051054
_d1051054